La era del caucho en el Amazonas (1870-1920): modelos de explotación y relaciones sociales de producción (Registro nro. 14431)
[ vista simple ]
| 000 -LEADER | |
|---|---|
| fixed length control field | 00656nam a2200217Ia 4500 |
| 005 - DATE AND TIME OF LATEST TRANSACTION | |
| control field | 20251006225625.0 |
| 008 - FIXED-LENGTH DATA ELEMENTS--GENERAL INFORMATION | |
| fixed length control field | 251006t2004||||xx |||||||||||||| ||und|| |
| 040 ## - CATALOGING SOURCE | |
| Original cataloging agency | CBC |
| 100 ## - MAIN ENTRY--PERSONAL NAME | |
| Personal name | Ullán de la Rosa, Francisco Javier |
| 245 ## - TITLE STATEMENT | |
| Title | La era del caucho en el Amazonas (1870-1920): modelos de explotación y relaciones sociales de producción |
| 300 ## - PHYSICAL DESCRIPTION | |
| Extent | p. 183-204 |
| 650 ## - SUBJECT ADDED ENTRY--TOPICAL TERM | |
| Topical term or geographic name entry element | CAPITALISMO |
| 650 ## - SUBJECT ADDED ENTRY--TOPICAL TERM | |
| Topical term or geographic name entry element | CAUCHO |
| 650 ## - SUBJECT ADDED ENTRY--TOPICAL TERM | |
| Topical term or geographic name entry element | GRUPOS ETNICOS |
| 650 ## - SUBJECT ADDED ENTRY--TOPICAL TERM | |
| Topical term or geographic name entry element | HISTORIA SOCIAL |
| 650 ## - SUBJECT ADDED ENTRY--TOPICAL TERM | |
| Topical term or geographic name entry element | MODOS DE PRODUCCION |
| 650 ## - SUBJECT ADDED ENTRY--TOPICAL TERM | |
| Topical term or geographic name entry element | SIGLOS XIX-XX |
| 651 ## - SUBJECT ADDED ENTRY--GEOGRAPHIC NAME | |
| Geographic name | AMERICA LATINA-AMAZONIA |
| 773 ## - HOST ITEM ENTRY | |
| Main entry heading | Anales: Museo de América No. 12 (2004) |
| 942 ## - ADDED ENTRY ELEMENTS (KOHA) | |
| Catalogador | MJCh |
No hay ítems disponibles.